10 Words 20 Definitions VI Quiz Stats

 Plays Quiz Updated Mar 23, 2017

Challenge
Share
Tweet
Embed
Score 0/20 Timer 02:00
9 Plays Today
% Correct
Hang
89.3%
Hand
89.2%
Loose
89.2%
Change
89.1%
Reason
88.6%
Reach
88.3%
Change
87.9%
Hang
87.3%
Reason
87.2%
Screw
85.4%
% Correct
Right
84.3%
Right
84.1%
Screw
84%
Foot
79.9%
Loose
78.3%
Reach
75.4%
Top
74.6%
Top
74.2%
Hand
60.7%
Foot
55.8%

You're not logged in!

Compare scores with friends on all Sporcle quizzes.
Join for Free
OR
Log In

You Might Also Like...

Show Comments

Extras

Top Quizzes Today


Score Distribution

Your Account Isn't Verified!

In order to create a playlist on Sporcle, you need to verify the email address you used during registration. Go to your Sporcle Settings to finish the process.

Report this User

Report this user for behavior that violates our Community Guidelines.

Details: